World famous supernatural stories / (Record no. 41139)

MARC details
000 -LEADER
fixed length control field 00657nam a22002057a 4500
005 - DATE AND TIME OF LATEST TRANSACTION
control field 20100811155455.0
010 ## - LCCN (DPL NO)
LC control number ENG-99685
020 ## - INTERNATIONAL STANDARD BOOK NUMBER
International Standard Book Number 9788190273589
Terms of availability 400.00
035 ## - SYSTEM CONTROL NUMBER
System control number EN-83217
037 ## - SOURCE OF ACQUISITION
Source of stock number/acquisition DBAD/PUB
082 ## - DEWEY DECIMAL CLASSIFICATION NUMBER
Classification number S
100 ## - MAIN ENTRY--PERSONAL NAME
Personal name Khatri, Vikas
245 ## - TITLE STATEMENT
Title World famous supernatural stories /
Statement of responsibility, etc by Vikas Khatri
260 ## - PUBLICATION, DISTRIBUTION, ETC. (IMPRINT)
Place of publication, distribution, etc Delhi
Name of publisher, distributor, etc Mahak Sahitya Sansar
Date of publication, distribution, etc 2010
270 ## - ADDRESS
Address N-67, Street No.4, Naveen Shahadara
City Delhi
Postal code 110032
300 ## - PHYSICAL DESCRIPTION
Extent 200p.
Dimensions 22cm (Hb)
650 ## - SUBJECT ADDED ENTRY--TOPICAL TERM
Topical term or geographic name as entry element Stories
942 ## - ADDED ENTRY ELEMENTS (KOHA)
Source of classification or shelving scheme Dewey Decimal Classification
Item type English Books
Classification part S
Call number suffix KHA
Holdings
Withdrawn status Lost status Not for loan Collection code Home library Current library Date acquired Source of acquisition Cost, normal purchase price Full call number Barcode Copy number Cost, replacement price Koha item type
    Not For Loan Fiction D.B.Act.Division D.B.Act.Division 11/08/2010 DBAD/PUB 400.00 S KHA EN-83217 1 400.00 English Books

© Delhi Public Library
Hit Counter
free hit counter